[Event "XLII San Sebastian Open 2019"]
[Site "San Sebastian"]
[Date "2019.04.19"]
[Round "8.5"]
[White "Alcazar Jimenez, Victor"]
[Black "Russell, Christopher"]
[Result "1-0"]
[WhiteElo "2363"]
[BlackElo "2178"]
[Annotator "TA"]
[PlyCount "144"]
[EventDate "2019.04.13"]
[EventType "swiss"]
[EventCountry "ESP"]
[SourceTitle "playchess.com"]
[Source "ChessBase"]
[SourceQuality "1"]

{[%evp 14,144,-62,-58,-71,-67,-82,-66,-73,-98,-68,-65,0,-30,0,0,0,0,11,0,18,0,18,0,27,8,8,0,0,0,4,16,73,85,71,64,89,37,83,71,141,127,96,72,125,112,144,145,137,0,128,135,128,128,134,89,114,91,89,97,97,97,5281,5273,29976,29976,5277,396,529,521,521,495,916,744,5085,5161,5161,4248,4132,2340,2141,2053,29961,29963,29964,29965,29971,29972,29969,29970,29971,29972,29974,29975,29958,256,256,256,256,256,256,256,256,256,256,256,256,256,256,256,256,256,255,255,255,255,255,255,255,255,255,255,255,255,255,255,255,255,255,255,255,254,29986]} 1. c4 Nf6 2. Nc3 e6 3. e4 d5 4. cxd5 exd5 5. e5 Ne4 6. Nxe4 dxe4 7. Qa4+ Nc6 8. Qxe4 Be6 {A18: English Opening: Flohr-Mikenas System (1 c4 Nf6 2 Nc3 e6 3 e4)} (8... Qd4 9. Qxd4 Nxd4 10. Bd3 Bc5 11. b3 Bd7 12. Bb2 Bc6 13. Rc1 Bb6 14. Kf1 O-O-O 15. Bc4 Rhe8 16. Re1 {1-0 (47) Sadovsky,A (2386)-Zaitsev,A (2486) Tula 2017}) 9. Bc4 Bxc4 10. Qxc4 Qg5 {Black is slightly better.} 11. Kf1 $146 ({Predecessor:} 11. Qe4 Qxe5 12. Qxe5+ Nxe5 13. d4 Nd3+ 14. Ke2 Nxc1+ 15. Rxc1 O-O-O 16. Nf3 {0-1 (49) Csonka,B (2263)-Getz,N (2276) Budapest 2010}) 11... O-O-O (11... Nxe5 12. Qb5+ c6 13. Qxb7 $14) 12. d4 Qh5 {[%cal Rh5d1]} 13. Be3 Nxe5 14. Qb5 $36 {[%mdl 2112] [#] Pin. White is pushing.} c5 $1 15. Rc1 Nc6 16. Nf3 a6 17. Qb3 {[%cal Rd4c5]} Be7 18. h3 {[%cal Rd4c5]} Qf5 19. Ke2 Rd5 ({But not} 19... cxd4 $2 20. Nxd4 Rxd4 21. Bxd4 $16) 20. Rhe1 Rhd8 {[%cal Rc5d4]} 21. Kf1 g5 22. dxc5 g4 (22... h5 $11) 23. hxg4 $16 Qxg4 24. Qc4 Qh5 25. Qe4 (25. b4 $16) 25... Bf6 26. b3 Kb8 ({Black should play} 26... Qh1+ 27. Ng1 Qh5) 27. Bf4+ Ka8 28. Kg1 Rg8 ({Better is} 28... Rxc5 29. Rxc5 Qxc5) 29. Bd6 Rg4 30. Qe8+ Bd8 31. Re4 (31. Ne5 {leads to mate.} Rh4 32. Qxd8+ Nxd8 33. f3 Rd2 34. Re2 Rxe2 35. Kf1 Rxa2 36. Rc2 Rxc2 37. g4 Rh1#) (31. Bg3 $16) 31... Rxe4 (31... Rg6 $1 $11 {keeps the balance.} 32. Bg3 (32. Nh4 $2 f5 $19) 32... Ka7) 32. Qxe4 Qf5 33. Qe8 Ka7 34. Re1 Ba5 35. Ne5 (35. Re4 {looks sharper.} Bd8 36. b4 Rd1+ 37. Re1 Qb1 38. Rxd1 Qxd1+ 39. Kh2) 35... Rxd6 36. cxd6 Bxe1 37. Nxc6+ {[%mdl 64] Discovered Attack} bxc6 $4 {[%mdl 8192]} (37... Kb6 $16 38. Qxe1 Kxc6) 38. Qxe1 {[%mdl 4096] Endgame KQ-KQ} Qd5 39. Qe7+ Kb6 40. f3 $2 (40. d7 Qd1+ 41. Kh2) 40... Qd4+ 41. Kf1 {And now d7 would win.} Qd1+ 42. Kf2 Qc2+ (42... Qd4+ $142 43. Kg3 Qg7+ 44. Kf4 Qd4+ 45. Kf5 Qd3+ 46. Ke5 Qc3+ 47. Kf4 Qd4+ 48. Kf5 Qd3+ 49. Ke5 Qc3+ 50. Kf4 Qd4+) 43. Qe2 $18 Qxe2+ 44. Kxe2 {KP-KP} c5 45. Ke3 Kc6 46. Ke4 Kxd6 {[#]} 47. Kf5 $1 {[%cal Rf5f6]} Kd5 48. Kf6 a5 49. Kxf7 a4 50. f4 Ke4 51. g3 Kf5 52. Ke7 h5 53. Kd6 Kg4 54. Kxc5 $2 (54. Ke5 {mates} Kxg3 55. f5 h4 56. f6 h3 57. f7 axb3 58. axb3 h2 59. f8=Q) 54... axb3 {White has a decisive advantage.} 55. axb3 {f5 is the strong threat.} Kxg3 {KPP-KP} 56. f5 h4 57. f6 {f7 would kill now.} h3 58. f7 h2 59. f8=Q {White threatens Qf1 and mate.} h1=Q {KQ-KQ} 60. Qd6+ Kf2 61. Qd2+ Kg3 62. Qe3+ Kg4 63. Qd4+ Kg3 64. b4 Qc1+ 65. Kd5 Qh1+ 66. Kd6 Qb7 67. Qe3+ Kg4 68. Qg1+ Kf4 69. Qf2+ Kg4 70. Qe2+ Kg3 71. Qc4 Qb6+ 72. Kd7 {Intending Qc7+ and mate.} Kh2 $2 {Accuracy: White = 69%, Black = 34%.} (72... Qf2 $18 73. b5 Qf6 74. Qc7+ Kh3) 1-0

[Event "XLII San Sebastian Open 2019"]
[Site "San Sebastian"]
[Date "2019.04.19"]
[Round "8.6"]
[White "Lopez Mijail, Nicolas"]
[Black "Perez Gonzalez, Jose Manuel"]
[Result "0-1"]
[WhiteElo "1980"]
[BlackElo "2231"]
[Annotator "ChessBase"]
[PlyCount "114"]
[EventDate "2019.04.13"]
[EventType "swiss"]
[EventCountry "ESP"]
[SourceTitle "playchess.com"]
[Source "ChessBase"]
[SourceQuality "1"]
[TimeControl "5400+30"]

1. e4 {[%emt 0:00:00]} c5 {[%emt 0:00:00]} 2. Nf3 {[%emt 0:00:00]} d6 {[%emt 0:00:00]} 3. d4 {[%emt 0:00:00]} cxd4 {[%emt 0:00:00]} 4. Nxd4 {[%emt 0:00:00]} Nf6 {[%emt 0:00:00]} 5. Nc3 {[%emt 0:00:00]} e6 {[%emt 0:00:00]} 6. Be3 {[%emt 0:00:11]} Nc6 {[%emt 0:00:31]} 7. Be2 {[%emt 0:00:53]} Be7 {[%emt 0:00:30]} 8. O-O {[%emt 0:00:20]} a6 {[%emt 0:00:22]} 9. f4 {[%emt 0:00:22]} O-O {[%emt 0:01:41]} 10. Bf3 {[%emt 0:04:37]} Qc7 {[%emt 0:00:40]} 11. Nxc6 {[%emt 0:00:19]} bxc6 {[%emt 0:00:19]} 12. Na4 {[%emt 0:00:06]} Rb8 {[%emt 0:01:20]} 13. c4 {[%emt 0:00:07]} c5 {[%emt 0:04:08]} 14. Qe2 {[%emt 0:02:44]} Bd7 {[%emt 0:07:22]} 15. Nc3 {[%emt 0:00:17]} Bc6 {[%emt 0:00:19]} 16. b3 {[%emt 0:02:38]} Rbd8 {[%emt 0:30:57]} 17. Rad1 {[%emt 0:02:42]} Nd7 {[%emt 0:08:25]} 18. Bf2 {[%emt 0:03:24]} Rfe8 {[%emt 0:03:13]} 19. Rd3 {[%emt 0:03:02]} Bb7 {[%emt 0:06:26]} 20. Rfd1 {[%emt 0:04:01]} Nb8 {[%emt 0:00:22]} 21. Be3 {[%emt 0:28:13]} Nc6 {[%emt 0:01:15]} 22. Qf2 {[%emt 0:02:25]} Qa5 {[%emt 0:07:17]} 23. e5 {[%emt 0:09:42]} dxe5 {[%emt 0:03:37]} 24. Rxd8 {[%emt 0:00:08]} Rxd8 {[%emt 0:02:43]} 25. Rxd8+ {[%emt 0:01:44]} Nxd8 {[%emt 0:00:47]} 26. Na4 {[%emt 0:08:40]} Bxf3 {[%emt 0:00:49]} 27. gxf3 {[%emt 0:00:07]} exf4 {[%emt 0:01:17]} 28. Bxc5 {[%emt 0:06:53]} Bxc5 {[%emt 0:03:13]} 29. Qxc5 {[%emt 0:01:06]} Qxc5+ {[%emt 0:00:29]} 30. Nxc5 {[%emt 0:00:07]} a5 {[%emt 0:00:04]} 31. Kf2 {[%emt 0:01:26]} Kf8 {[%emt 0:01:14]} 32. a3 {[%emt 0:00:08]} Ke7 {[%emt 0:00:41]} 33. b4 {[%emt 0:00:08]} axb4 {[%emt 0:00:06]} 34. axb4 {[%emt 0:00:05]} Kd6 {[%emt 0:01:03]} 35. Nd3 {[%emt 0:05:32]} g5 {[%emt 0:01:20]} 36. h3 {[%emt 0:02:05]} f6 {[%emt 0:02:30]} 37. Ke2 {[%emt 0:02:58]} Nc6 {[%emt 0:02:09]} 38. Kd2 {[%emt 0:00:33]} Nd4 {[%emt 0:01:48]} 39. Kc3 {[%emt 0:00:15]} Nxf3 {[%emt 0:00:59]} 40. b5 {[%emt 0:00:12]} Ne5 {[%emt 0:00:41]} 41. c5+ {[%emt 0:00:08]} Kd5 {[%emt 0:03:46]} 42. c6 {[%emt 0:03:16]} Nxc6 {[%emt 0:02:47]} 43. bxc6 {[%emt 0:00:07]} Kxc6 {[%emt 0:00:03]} 44. Kd4 {[%emt 0:00:21]} Kd6 {[%emt 0:00:06]} 45. Ke4 {[%emt 0:00:58]} h6 {[%emt 0:01:07]} 46. Kd4 {[%emt 0:00:28]} h5 {[%emt 0:01:07]} 47. Ke4 {[%emt 0:00:06]} f5+ {[%emt 0:01:33]} 48. Kf3 {[%emt 0:01:37]} e5 {[%emt 0:00:15]} 49. Nf2 {[%emt 0:00:19]} Kd5 {[%emt 0:00:42]} 50. Ke2 {[%emt 0:00:20]} e4 {[%emt 0:00:35]} 51. Nd1 {[%emt 0:00:33]} Kd4 {[%emt 0:00:52]} 52. Kd2 {[%emt 0:00:46]} h4 {[%emt 0:00:35]} 53. Nc3 {[%emt 0:00:25]} e3+ {[%emt 0:00:40]} 54. Kc2 {[%emt 0:00:09]} f3 {[%emt 0:00:11]} 55. Nb5+ {[%emt 0:00:05]} Kc5 {[%emt 0:00:56]} 56. Nc7 {[%emt 0:00:30]} f2 {[%emt 0:00:14]} 57. Ne6+ {[%emt 0:00:06]} Kc4 {[%emt 0:00:08]} 0-1

[Event "XLII San Sebastian Open 2019"]
[Site "San Sebastian"]
[Date "2019.04.19"]
[Round "8.7"]
[White "Suarez Garcia, Carlos"]
[Black "Alfaro Garcia del Cerro, Juan L"]
[Result "1-0"]
[WhiteElo "2424"]
[BlackElo "2151"]
[Annotator "TA"]
[PlyCount "99"]
[EventDate "2019.04.13"]
[EventType "swiss"]
[EventCountry "ESP"]
[SourceTitle "playchess.com"]
[Source "ChessBase"]
[SourceQuality "1"]

{[%evp 20,99,0,-20,-19,-34,-11,-33,-25,-57,-61,-75,-42,-37,0,0,21,19,13,0,0,0,0,0,13,6,27,39,63,-11,44,9,292,261,268,279,354,346,349,353,391,388,385,390,371,364,370,371,401,414,391,334,394,385,378,373,492,484,466,471,483,482,453,476,439,411,664,647,687,681,676,670,664,627,590,483,29974,29975,29971,29973,5716,5627]} 1. Nf3 c5 2. g3 Nc6 3. Bg2 g6 4. e4 Bg7 5. O-O e5 6. a3 d6 7. d3 Nge7 8. c3 O-O 9. Nbd2 h6 10. b4 a6 11. Bb2 Be6 {A04: Unusual lines after 1 Nf3 and King's Indian Attack} 12. Qe2 (12. Re1 b5 13. Qb1 Qb6 14. Nf1 cxb4 15. cxb4 a5 16. Bc3 axb4 17. axb4 d5 18. exd5 Nxd5 19. Rxa8 Rxa8 20. Bxe5 Nxe5 21. Nxe5 {0-1 (40) Adly,A (2589)-Vidit,S (2630) Tsaghkadzor 2015}) 12... b5 13. Rfd1 $146 ({Predecessor:} 13. Qe3 Qb6 14. Nh4 a5 15. bxc5 dxc5 16. f4 f5 17. fxe5 Rad8 18. exf5 Rxd3 19. Qe2 {1-0 (37) Kotepalli,S (1944)-Tiwari,A (2090) Douglas 2016}) 13... Nc8 {Black is slightly better.} 14. Qe3 Nb6 15. Rab1 Na4 16. Ba1 Qe7 17. d4 {[#] Strongly threatening d5.} exd4 (17... Bd7 {is more complex.} 18. bxc5 dxc5 19. d5 Nd8 20. c4 Nb7) 18. cxd4 Bg4 19. dxc5 dxc5 20. Bxg7 Kxg7 21. bxc5 Rfe8 22. h3 $36 {[%mdl 2048] White has some pressure.} Be6 23. Rbc1 Rac8 24. Nb1 (24. e5 $14) 24... Nb8 ({Black should try} 24... Na5 $11) 25. Rd6 Qa7 $2 {[%mdl 8192]} (25... Rxc5 $1 $11 {and Black has nothing to worry.} 26. Qd4+ (26. Rxc5 Qxd6 27. Rc1 Rd8 $11) 26... Qf6 27. Rxc5 Qxd4 28. Nxd4 Nxc5) 26. Qd4+ $18 Kg8 {[%cal Rc8c5]} 27. c6 Qxd4 28. Nxd4 Nb6 29. Nd2 Nc4 30. Nxc4 Bxc4 31. Bf1 Bxf1 32. Kxf1 Rc7 33. e5 Kf8 34. e6 f6 35. Rd7 Rec8 36. e7+ Ke8 37. Ne6 {White wants to mate with Ng7+.} Rxc6 38. Rd8+ {[%mdl 64] [#] Double Attack} Kxe7 39. Rxc8 Rxc1+ 40. Rxc1 Kxe6 {[%mdl 4096] Endgame KR-KN} 41. Rc8 Nd7 42. Rc6+ Ke7 (42... Kd5 $142 43. Rxa6 Kc5) 43. Rxa6 Ne5 44. Rb6 Nc4 45. Rxb5 Nxa3 46. Rb4 Nc2 47. Re4+ Kf7 (47... Kd6 $18 48. Rg4 g5) 48. Ke2 Na3 49. Rb4 Nc2 50. Ra4 {Accuracy: White = 74%, Black = 33%.} 1-0

[Event "XLII San Sebastian Open 2019"]
[Site "San Sebastian"]
[Date "2019.04.19"]
[Round "8.8"]
[White "Prieto Aranguren, Alain"]
[Black "Pastor Pons, Pedro Maria"]
[Result "1-0"]
[WhiteElo "2257"]
[BlackElo "2027"]
[Annotator "NA"]
[PlyCount "67"]
[EventDate "2019.04.13"]
[EventType "swiss"]
[EventCountry "ESP"]
[SourceTitle "playchess.com"]
[Source "ChessBase"]
[SourceQuality "1"]
[TimeControl "5400+30"]

1. d4 {[%emt 0:00:00]} d5 {[%emt 0:03:02]} 2. c4 {[%emt 0:00:00]} c6 {[%emt 0:00:17]} 3. Nf3 {[%emt 0:00:00]} Nf6 {[%emt 0:00:14]} 4. Nc3 {[%emt 0:00:00]} a6 {[%emt 0:04:34]} 5. e3 {[%emt 0:00:15]} g6 {[%emt 0:03:07]} 6. Ne5 {[%emt 0:02:41]} Bg7 {[%emt 0:00:48]} 7. Be2 {[%emt 0:02:04]} O-O {[%emt 0:00:39]} 8. O-O {[%emt 0:00:20]} e6 {[%emt 0:07:17]} 9. b3 {[%emt 0:07:50]} Nfd7 {[%emt 0:03:10]} 10. Nf3 {[%emt 0:00:58]} Nf6 {[%emt 0:06:36]} 11. Qc2 {[%emt 0:01:33]} b6 {[%emt 0:00:25]} 12. e4 {[%emt 0:00:45]} dxe4 {[%emt 0:00:31]} 13. Nxe4 {[%emt 0:00:18]} Nxe4 {[%emt 0:00:15]} 14. Qxe4 {[%emt 0:00:05]} Bb7 {[%emt 0:00:30]} 15. Bg5 {[%emt 0:03:26]} Bf6 {[%emt 0:01:20]} 16. Bxf6 {[%emt 0:06:42]} Qxf6 {[%emt 0:00:02]} 17. Ne5 {[%emt 0:00:56]} Ra7 {[%emt 0:02:40]} 18. Qe3 {[%emt 0:07:08]} Ba8 {[%emt 0:04:57]} 19. Bf3 {[%emt 0:00:22]} Rc8 {[%emt 0:05:08]} 20. Ng4 {[%emt 0:04:54]} Qg7 {[%emt 0:01:56]} 21. Rad1 {[%emt 0:05:10]} Nd7 {[%emt 0:00:58]} 22. Qf4 {[%emt 0:04:17]} g5 {[%emt 0:08:31]} 23. Qd6 {[%emt 0:01:36]} h5 {[%emt 0:10:28]} 24. Ne5 {[%emt 0:01:04]} Nxe5 {[%emt 0:00:33]} 25. dxe5 {[%emt 0:00:43]} g4 {[%emt 0:04:48]} 26. Be4 {[%emt 0:01:36]} Qg5 {[%emt 0:01:34]} 27. f4 {[%emt 0:06:39]} Qe7 {[%emt 0:00:35]} 28. Qd2 {[%emt 0:01:01]} c5 {[%emt 0:01:10]} 29. Bb1 {[%emt 0:00:57]} f5 {[%emt 0:09:35]} 30. exf6 {[%emt 0:00:05]} Qxf6 {[%emt 0:00:02]} 31. Rfe1 {[%emt 0:00:19]} Rf8 {[%emt 0:00:28]} 32. Re5 {[%emt 0:04:40]} Rg7 {[%emt 0:00:45]} 33. Rxh5 {[%emt 0:03:01]} Qxf4 {[%emt 0:05:11]} 34. Bh7+ 1-0

[Event "XLII San Sebastian Open 2019"]
[Site "San Sebastian"]
[Date "2019.04.19"]
[Round "8.9"]
[White "Randazzo, Adrian"]
[Black "Torres Ganuza, Francisco Javier"]
[Result "1/2-1/2"]
[WhiteElo "2248"]
[BlackElo "2018"]
[Annotator "NA"]
[PlyCount "61"]
[EventDate "2019.04.13"]
[EventType "swiss"]
[EventCountry "ESP"]
[SourceTitle "playchess.com"]
[Source "ChessBase"]
[SourceQuality "1"]
[TimeControl "5400+30"]

1. Nf3 {[%emt 0:00:00]} Nf6 {[%emt 0:00:00]} 2. c4 {[%emt 0:00:00]} g6 {[%emt 0:00:00]} 3. d4 {[%emt 0:00:00]} Bg7 {[%emt 0:00:00]} 4. e3 {[%emt 0:00:00]} O-O {[%emt 0:00:37]} 5. Be2 {[%emt 0:00:03]} c5 {[%emt 0:01:53]} 6. d5 {[%emt 0:00:36]} d6 {[%emt 0:00:06]} 7. O-O {[%emt 0:00:47]} e6 {[%emt 0:01:52]} 8. Nc3 {[%emt 0:00:19]} exd5 {[%emt 0:00:12]} 9. cxd5 {[%emt 0:00:08]} Re8 {[%emt 0:00:10]} 10. Nd2 {[%emt 0:00:18]} a6 {[%emt 0:00:57]} 11. a4 {[%emt 0:00:05]} b6 {[%emt 0:00:04]} 12. e4 {[%emt 0:00:28]} Nbd7 {[%emt 0:01:45]} 13. f3 {[%emt 0:01:17]} Qc7 {[%emt 0:05:19]} 14. Nc4 {[%emt 0:00:18]} Ne5 {[%emt 0:02:04]} 15. Nxe5 {[%emt 0:01:02]} Rxe5 {[%emt 0:00:13]} 16. Kh1 {[%emt 0:16:43]} Re8 {[%emt 0:07:54]} 17. Qc2 {[%emt 0:00:30]} Bd7 {[%emt 0:03:59]} 18. f4 {[%emt 0:02:54]} c4 {[%emt 0:08:46]} 19. e5 {[%emt 0:03:59]} dxe5 {[%emt 0:00:14]} 20. fxe5 {[%emt 0:00:10]} Ng4 {[%emt 0:00:51]} 21. d6 {[%emt 0:32:58]} Qc5 {[%emt 0:06:53]} 22. Bxg4 {[%emt 0:01:19]} Bxg4 {[%emt 0:00:06]} 23. Bf4 {[%emt 0:00:16]} Bf5 {[%emt 0:06:20]} 24. Qd2 {[%emt 0:00:56]} Bxe5 {[%emt 0:10:06]} 25. Rae1 {[%emt 0:06:57]} Bxf4 {[%emt 0:04:55]} 26. Rxe8+ {[%emt 0:00:24]} Rxe8 {[%emt 0:00:05]} 27. Qxf4 {[%emt 0:00:04]} Qc6 {[%emt 0:06:17]} 28. Kg1 {[%emt 0:03:27]} Qc5+ {[%emt 0:10:11]} 29. Kh1 {[%emt 0:00:14]} Qc6 {[%emt 0:00:05]} 30. Kg1 {[%emt 0:00:33]} Qc5+ {[%emt 0:01:18]} 31. Kh1 {[%emt 0:00:08]} 1/2-1/2

[Event "XLII San Sebastian Open 2019"]
[Site "San Sebastian"]
[Date "2019.04.19"]
[Round "8.10"]
[White "Garcia Salamero, Gabriel"]
[Black "Knudsen, Martin"]
[Result "1-0"]
[WhiteElo "2177"]
[BlackElo "2016"]
[Annotator "NA"]
[PlyCount "79"]
[EventDate "2019.04.13"]
[EventType "swiss"]
[EventCountry "ESP"]
[SourceTitle "playchess.com"]
[Source "ChessBase"]
[SourceQuality "1"]
[TimeControl "5400+30"]

1. e4 {[%emt 0:00:00]} c6 {[%emt 0:00:00]} 2. d4 {[%emt 0:00:38]} d5 {[%emt 0:00:00]} 3. Nd2 {[%emt 0:00:07]} dxe4 {[%emt 0:00:00]} 4. Nxe4 {[%emt 0:00:05]} Bf5 {[%emt 0:00:02]} 5. Ng3 {[%emt 0:00:01]} Bg6 {[%emt 0:00:10]} 6. h4 {[%emt 0:00:01]} h6 {[%emt 0:00:17]} 7. Nf3 {[%emt 0:00:01]} Nd7 {[%emt 0:00:07]} 8. Bd3 {[%emt 0:00:15]} Bxd3 {[%emt 0:00:52]} 9. Qxd3 {[%emt 0:00:01]} e6 {[%emt 0:00:31]} 10. Bd2 {[%emt 0:00:02]} Qc7 {[%emt 0:01:39]} 11. O-O-O {[%emt 0:00:57]} O-O-O {[%emt 0:00:17]} 12. Qe2 {[%emt 0:00:08]} Ngf6 {[%emt 0:02:36]} 13. Ne5 {[%emt 0:00:10] B19: Classical Caro-Kann: 4...Bf5 main line} (13. Ne4 Nxe4 14. Qxe4 Nf6 15. Qe2 c5 16. g3 c4 17. Bf4 Bd6 18. Bxd6 Rxd6 19. c3 b5 20. Ne5 Nd5 21. Qf3 {0-1 (46) Givon,A (2463)-Yu,R (2558) Albena 2015}) 13... Nb6 {[%emt 0:02:10]} 14. c3 {[%emt 0:04:32]} c5 {[%emt 0:03:14]} 15. Kb1 {[%emt 0:00:02]} Bd6 {[%emt 0:01:45]} 16. f4 {[%emt 0:00:59]} Kb8 {[%emt 0:02:16]} 17. Rhf1 $146 {[%emt 0:02:53]} ({Predecessor:} 17. Be3 Nbd5 18. Rhf1 Nxe3 19. Qxe3 cxd4 20. cxd4 Nd5 {1-0 (45) Garcia Salamero,G (2180)-Tarin Casado,F (1915) Parla 2010}) 17... Rhe8 {[%emt 0:02:02]} 18. Qf3 {[%emt 0:02:03]} Ka8 {[%emt 0:04:27]} 19. Be3 {[%emt 0:10:01]} Na4 {[%emt 0:05:39]} 20. dxc5 {[%emt 0:09:35]} Bxc5 {[%emt 0:03:02]} 21. Bxc5 {[%emt 0:06:11]} Nxc5 {[%emt 0:01:04]} 22. Ne2 {[%emt 0:03:07]} Nd5 {[%emt 0:03:12]} 23. c4 {[%emt 0:12:59]} Nb4 {[%emt 0:08:33]} 24. Qa3 {[%emt 0:09:40]} Nca6 {[%emt 0:08:34]} 25. Qc3 {[%emt 0:13:42]} f6 {[%emt 0:05:59]} 26. Nf3 {[%emt 0:00:19]} Rxd1+ {[%emt 0:03:32]} 27. Rxd1 {[%emt 0:00:01]} Nc6 {[%emt 0:00:20]} 28. g3 {[%emt 0:09:23]} e5 {[%emt 0:01:46]} 29. a3 {[%emt 0:00:15]} Qb6 {[%emt 0:03:18]} 30. fxe5 {[%emt 0:01:08]} Nxe5 {[%emt 0:01:11]} 31. Nxe5 {[%emt 0:03:26]} fxe5 32. Rd5 {[%emt 0:00:08]} Qf6 {[%emt 0:02:56]} 33. c5 {[%emt 0:02:08]} Nb8 {[%emt 0:02:08]} 34. Qe3 {[%emt 0:01:25]} g5 {[%emt 0:03:13]} 35. hxg5 {[%emt 0:00:09]} hxg5 {[%emt 0:00:07]} 36. Nc3 {[%emt 0:01:14]} g4 {[%emt 0:00:42]} 37. Qe4 {[%emt 0:01:15]} Qe6 {[%emt 0:04:39]} (37... Qf3 $14) 38. Nb5 {[%emt 0:01:40]} Na6 {[%emt 0:02:50]} 39. Nd6 {[%emt 0:02:40]} Nc7 {[%emt 0:05:20]} (39... Rd8 $16) 40. Rxe5 1-0

[Event "XLII San Sebastian Open 2019"]
[Site "San Sebastian"]
[Date "2019.04.19"]
[Round "8.11"]
[White "Cabanas Jimenez, Manuel"]
[Black "Unciti Juan, Javier"]
[Result "1/2-1/2"]
[WhiteElo "2119"]
[BlackElo "2000"]
[Annotator "NA"]
[PlyCount "26"]
[EventDate "2019.04.13"]
[EventType "swiss"]
[EventCountry "ESP"]
[SourceTitle "playchess.com"]
[Source "ChessBase"]
[SourceQuality "1"]
[TimeControl "5400+30"]

1. e4 {[%emt 0:00:47]} e6 {[%emt 0:00:00]} 2. d4 {[%emt 0:00:07]} d5 {[%emt 0:00:00]} 3. Nc3 {[%emt 0:00:06]} Bb4 {[%emt 0:00:00]} 4. Bd2 {[%emt 0:00:07]} dxe4 {[%emt 0:00:31]} 5. Qg4 {[%emt 0:00:06]} Nf6 {[%emt 0:00:23]} 6. Qxg7 {[%emt 0:00:04]} Rg8 {[%emt 0:00:05]} 7. Qh6 {[%emt 0:00:05]} Nc6 {[%emt 0:01:34]} 8. O-O-O {[%emt 0:05:46]} Rg6 {[%emt 0:01:22]} 9. Qh4 {[%emt 0:01:03]} Rg4 {[%emt 0:01:49]} 10. Qh3 {[%emt 0:01:00]} Rg6 {[%emt 0:00:34]} 11. Qh4 {[%emt 0:10:59]} Rg4 {[%emt 0:00:28]} 12. Qh3 {[%emt 0:07:10]} Rg6 {[%emt 0:00:11]} 13. Qh4 {[%emt 0:01:39]} Rg4 {[%emt 0:09:27]} 1/2-1/2

[Event "XLII San Sebastian Open 2019"]
[Site "San Sebastian"]
[Date "2019.04.19"]
[Round "8.12"]
[White "Sanchez Arevalo, Luis"]
[Black "Pastor Alonso De Prado, Alberto"]
[Result "1-0"]
[WhiteElo "2020"]
[BlackElo "2090"]
[Annotator "NA"]
[PlyCount "52"]
[EventDate "2019.04.13"]
[EventType "swiss"]
[EventCountry "ESP"]
[SourceTitle "playchess.com"]
[Source "ChessBase"]
[SourceQuality "1"]
[TimeControl "5400+30"]

1. c4 {[%emt 0:00:00]} e6 {[%emt 0:00:18]} 2. g3 {[%emt 0:00:01]} d5 {[%emt 0:00:33]} 3. Nf3 {[%emt 0:00:30]} Nf6 {[%emt 0:01:23]} 4. Bg2 {[%emt 0:00:07]} Be7 {[%emt 0:00:05]} 5. O-O {[%emt 0:00:17]} O-O {[%emt 0:00:06]} 6. cxd5 {[%emt 0:00:39]} exd5 {[%emt 0:00:09]} 7. d4 {[%emt 0:00:06]} c6 {[%emt 0:00:45]} 8. Nc3 {[%emt 0:01:21]} Bf5 {[%emt 0:03:21]} 9. Nh4 {[%emt 0:03:13]} Bg4 {[%emt 0:10:43]} 10. h3 {[%emt 0:00:19]} Bc8 {[%emt 0:01:57]} 11. Qd3 {[%emt 0:06:06]} g6 {[%emt 0:03:46]} 12. Bh6 {[%emt 0:02:13]} Re8 {[%emt 0:00:11]} 13. Bg5 {[%emt 0:15:05]} Nbd7 {[%emt 0:07:11]} 14. f4 {[%emt 0:11:47]} Nh5 {[%emt 0:06:02]} 15. Bxe7 {[%emt 0:09:20]} Qxe7 {[%emt 0:00:09]} 16. Kh2 {[%emt 0:00:56]} Ndf6 {[%emt 0:09:33]} 17. f5 {[%emt 0:09:27]} Kg7 {[%emt 0:14:11]} 18. fxg6 {[%emt 0:05:06]} hxg6 {[%emt 0:03:01]} 19. Rf2 {[%emt 0:01:51]} Ne4 {[%emt 0:05:09]} 20. Nxe4 {[%emt 0:06:11]} dxe4 {[%emt 0:00:06]} 21. Qe3 {[%emt 0:00:42]} f5 {[%emt 0:01:19]} 22. Raf1 {[%emt 0:07:36]} f4 {[%emt 0:06:28]} 23. Rxf4 {[%emt 0:00:16]} Nxf4 {[%emt 0:00:06]} 24. Rxf4 {[%emt 0:00:17]} Bd7 {[%emt 0:04:12]} 25. Bxe4 {[%emt 0:04:37]} Qe6 {[%emt 0:03:49]} 26. Rg4 {[%emt 0:01:15]} Bc8 1-0

[Event "XLII San Sebastian Open 2019"]
[Site "San Sebastian"]
[Date "2019.04.20"]
[Round "9.1"]
[White "Alshameary Puente, Ismael"]
[Black "Harutjunyan, Gevorg"]
[Result "1/2-1/2"]
[WhiteElo "2425"]
[BlackElo "2440"]
[Annotator "NA"]
[PlyCount "69"]
[EventDate "2019.04.13"]
[EventType "swiss"]
[EventCountry "ESP"]
[SourceTitle "playchess.com"]
[Source "ChessBase"]
[SourceQuality "1"]
[TimeControl "5400+30"]

1. d4 {[%emt 0:00:00]} d5 {[%emt 0:00:00]} 2. c4 {[%emt 0:00:00]} Nc6 {[%emt 0:00:00]} 3. Nf3 {[%emt 0:00:00]} Bg4 {[%emt 0:00:00]} 4. Nc3 {[%emt 0:00:00]} e6 {[%emt 0:00:00]} 5. cxd5 {[%emt 0:01:36]} exd5 {[%emt 0:00:04]} 6. Qb3 {[%emt 0:00:48]} Bb4 {[%emt 0:02:25]} 7. e3 {[%emt 0:00:58]} Bxf3 {[%emt 0:03:52]} 8. gxf3 {[%emt 0:00:06]} Nf6 {[%emt 0:02:03]} 9. a3 {[%emt 0:06:07]} Bxc3+ $1 {[%emt 0:01:14]} 10. bxc3 {[%emt 0:01:53]} Rb8 {[%emt 0:01:14]} 11. Bd3 {[%emt 0:03:46]} O-O {[%emt 0:00:45]} 12. Qc2 $11 {[%emt 0:03:41]} Re8 {[%emt 0:02:24]} 13. O-O {[%emt 0:01:56]} Ne7 {[%emt 0:14:56]} 14. Kh1 {[%emt 0:09:20]} Qc8 {[%emt 0:05:48]} 15. Rg1 {[%emt 0:02:06]} c5 {[%emt 0:02:59]} 16. dxc5 {[%emt 0:22:24]} Qxc5 {[%emt 0:00:49]} 17. c4 {[%emt 0:00:06]} Rbc8 {[%emt 0:12:28]} 18. Bb2 {[%emt 0:00:42]} Qc6 {[%emt 0:01:07]} 19. Bxh7+ {[%emt 0:03:47]} Kf8 {[%emt 0:00:37]} 20. Bd3 {[%emt 0:01:18]} dxc4 {[%emt 0:04:40]} 21. Be4 {[%emt 0:00:04]} Qe6 {[%emt 0:18:04]} 22. Bd4 {[%emt 0:03:44]} b6 {[%emt 0:02:45]} 23. Rg5 {[%emt 0:10:16]} Nxe4 {[%emt 0:04:43]} 24. Bxg7+ {[%emt 0:00:09]} Kg8 {[%emt 0:00:02]} 25. fxe4 {[%emt 0:00:08]} Ng6 {[%emt 0:00:30]} 26. Be5 {[%emt 0:00:11]} Kf8 {[%emt 0:01:41]} 27. f4 {[%emt 0:08:34]} Nxe5 {[%emt 0:00:58]} 28. fxe5 {[%emt 0:01:57]} Rc5 {[%emt 0:02:31]} 29. Rag1 {[%emt 0:02:19]} c3 {[%emt 0:01:53]} 30. Qa4 {[%emt 0:02:08]} Qc6 {[%emt 0:03:46]} 31. Qxa7 {[%emt 0:08:35]} Qxe4+ {[%emt 0:08:09]} 32. R1g2 {[%emt 0:00:01]} Qb1+ {[%emt 0:00:56]} 33. Rg1 {[%emt 0:00:01]} Qe4+ {[%emt 0:00:29]} 34. R1g2 {[%emt 0:00:01]} Qb1+ {[%emt 0:00:25]} 35. Rg1 {[%emt 0:00:01]} 1/2-1/2